Statistics for Shared First Names #2

Click here to take the quiz!

General Stats

  • This quiz has been taken 35,144 times
  • The average score is 22 of 30

Answer Stats

Last NamesFirst Name% Correct
Hathaway, Boleyn, HecheAnne
94%
Sinatra, Ocean, ZappaFrank
94%
Twain, Zuckerburg, WahlbergMark
94%
Darwin, Dickens, MansonCharles
93%
Hawking, Colbert, KingStephen
91%
Hunt, Keller, MirrenHelen
88%
Joyce, Dean, FrancoJames
87%
Armstrong, Pasteur, L'AmourLouis
85%
Simon, Newman, ReverePaul
85%
Ford, Kissinger, ManciniHenry
84%
Connery, Penn, LennonSean
84%
Stone, Watson, ThompsonEmma
83%
Marx, Rove, MaloneKarl
83%
Turing, Thicke, RickmanAlan
80%
Joel, Crystal, GrahamBilly
77%
Kennedy, Nugent, BundyTed
75%
Oldman, Coleman, BuseyGary
73%
Seinfeld, Garcia, LewisJerry
73%
Stone, Osbourne, TateSharon
72%
Louis, Namath, PesciJoe
70%
Crawford, Rivers, CusackJoan
64%
McKinley, Faulkner, WallaceWilliam
64%
Bennett, Hawk, CurtisTony
62%
Graham, Mills, LocklearHeather
56%
Aaron, Williams, AzariaHank
53%
Miller, Ashe, RimbaudArthur
49%
Bacon, Crick, DrakeFrancis
49%
Field, Struthers, RideSally
49%
Kesey, Jennings, GriffeyKen
41%
Curie, Trudeau, SalingerPierre
41%

Score Distribution

Percentile by Number Answered

Percent of People with Each Score

Your Score History

You have not taken this quiz